The expositor's Bible commentary / (Record no. 8639)

MARC details
000 -LEADER
fixed length control field 02871cam a22004814a 4500
001 - CONTROL NUMBER
control field 13889003
003 - CONTROL NUMBER IDENTIFIER
control field GBCCL
005 - DATE AND TIME OF LATEST TRANSACTION
control field 20241126110655.0
008 - FIXED-LENGTH DATA ELEMENTS--GENERAL INFORMATION
fixed length control field 050304m20062012miu b 000 0 eng
010 ## -
-- 2005006281
-- 2005006280
-- 2014453776
020 ## - INTERNATIONAL STANDARD BOOK NUMBER
International Standard Book Number 9780310234944 (v. 2 : hardcover : alk. paper)
020 ## - INTERNATIONAL STANDARD BOOK NUMBER
International Standard Book Number 9780310234951 (v. 3 : hardcover : alk. paper)
020 ## - INTERNATIONAL STANDARD BOOK NUMBER
International Standard Book Number 9780310234968 (v. 4 : hardcover : alk. paper)
020 ## - INTERNATIONAL STANDARD BOOK NUMBER
International Standard Book Number 9780310234975 (v. 5 : hardcover : alk. paper)
020 ## - INTERNATIONAL STANDARD BOOK NUMBER
International Standard Book Number 9780310234982 (v. 6 : hardcover : alk.paper)
020 ## - INTERNATIONAL STANDARD BOOK NUMBER
International Standard Book Number 9780310234999 (v. 7 : hardcover : alk. paper)
020 ## - INTERNATIONAL STANDARD BOOK NUMBER
International Standard Book Number 9780310268932 (v. 8 : hardcover : alk. paper)
020 ## - INTERNATIONAL STANDARD BOOK NUMBER
International Standard Book Number 9780310268925 (v. 9 : hardcover : alk. paper)
020 ## - INTERNATIONAL STANDARD BOOK NUMBER
International Standard Book Number 9780310235019 (v. 11 : hardcover : alk. paper)
020 ## - INTERNATIONAL STANDARD BOOK NUMBER
International Standard Book Number 031026894X (v. 13 : hardcover : alk. paper)
020 ## - INTERNATIONAL STANDARD BOOK NUMBER
International Standard Book Number 9780310268949
020 ## - INTERNATIONAL STANDARD BOOK NUMBER
Canceled/invalid ISBN 9780310555490 (ebook)
035 ## - SYSTEM CONTROL NUMBER
System control number (OCoLC)ocm58456373
035 ## - SYSTEM CONTROL NUMBER
System control number (OCoLC)58456373
040 ## - CATALOGING SOURCE
Original cataloging agency DLC
Transcribing agency DLC
Modifying agency DLC
042 ## -
-- pcc
050 00 -
-- BS491.3
-- .E96 2006
082 00 - DEWEY DECIMAL CLASSIFICATION NUMBER
Classification number 220.77
Edition information 22
Item number EXP
245 04 - TITLE STATEMENT
Title The expositor's Bible commentary /
Statement of responsibility, etc. Tremper Longman III & David E. Garland, general editors.
250 ## - EDITION STATEMENT
Edition statement Rev. ed.
260 ## - PUBLICATION, DISTRIBUTION, ETC.
Place of publication, distribution, etc. Grand Rapids, Mich. :
Name of publisher, distributor, etc. Zondervan,
Date of publication, distribution, etc. 2006-c2012.
300 ## - PHYSICAL DESCRIPTION
Extent 13 v. ;
Dimensions 24 cm.
504 ## - BIBLIOGRAPHY, ETC. NOTE
Bibliography, etc. note Includes bibliographical references.
505 0# - FORMATTED CONTENTS NOTE
Formatted contents note v. 1. Genesis-Leviticus -- v. 2. Numbers - Ruth -- v. 3. 1 Samuel - 2 Kings -- v. 4. 1 Chronicles-Job -- v. 5. Psalms -- v. 6. Proverbs-Isaiah -- v. 7. Jeremiah - Ezekiel -- v. 8. Daniel-Malachi -- v. 9. Matthew-Mark -- v. 10. Luke-Acts -- v. 11. Romans-Galatians -- v. 12. Ephesians-Philemon -- v. 13. Hebrews-Revelation.
630 00 - SUBJECT ADDED ENTRY--UNIFORM TITLE
Uniform title Bible
Form subdivision Commentaries.
9 (RLIN) 200
700 1# - ADDED ENTRY--PERSONAL NAME
Personal name Longman, Tremper,
Titles and other words associated with a name III.
9 (RLIN) 14462
700 1# - ADDED ENTRY--PERSONAL NAME
Personal name Garland, David E.
9 (RLIN) 15240
856 42 - ELECTRONIC LOCATION AND ACCESS
Materials specified Publisher description
Uniform Resource Identifier <a href="http://www.loc.gov/catdir/enhancements/fy0708/2005006281-d.html">http://www.loc.gov/catdir/enhancements/fy0708/2005006281-d.html</a>
856 41 - ELECTRONIC LOCATION AND ACCESS
Materials specified Sample text
Uniform Resource Identifier <a href="http://www.loc.gov/catdir/enhancements/fy0642/2005006281-s.html">http://www.loc.gov/catdir/enhancements/fy0642/2005006281-s.html</a>
906 ## - LOCAL DATA ELEMENT F, LDF (RLIN)
a 7
b cbc
c orignew
d 1
e ecip
f 20
g y-gencatlg
942 ## - ADDED ENTRY ELEMENTS (KOHA)
Source of classification or shelving scheme Dewey Decimal Classification
Koha item type Reference Books
Holdings
Withdrawn status Lost status Source of classification or shelving scheme Damaged status Not for loan Home library Current Library Shelving location Date acquired Total checkouts Full call number Barcode Date last seen Copy number Price effective from Koha item type
    Dewey Decimal Classification     GRACE BIBLE COLLEGE GRACE BIBLE COLLEGE Commentary 2021-07-01   220.77 EXP 015067 2025-05-01 v.9 2021-07-01 Reference Books
    Dewey Decimal Classification     GRACE BIBLE COLLEGE GRACE BIBLE COLLEGE Commentary 2021-07-01   220.77 EXP 015068 2025-05-01 v.10 2021-07-01 Reference Books
    Dewey Decimal Classification     GRACE BIBLE COLLEGE GRACE BIBLE COLLEGE Commentary 2021-07-01   220.77 EXP 015069 2025-05-01 v.11 2021-07-01 Reference Books
    Dewey Decimal Classification     GRACE BIBLE COLLEGE GRACE BIBLE COLLEGE Commentary 2021-07-01   220.77 EXP 015070 2025-05-01 v.12 2021-07-01 Reference Books
    Dewey Decimal Classification     GRACE BIBLE COLLEGE GRACE BIBLE COLLEGE Commentary 2021-07-01   220.77 EXP 015071 2025-05-01 v.13 2021-07-01 Reference Books
    Dewey Decimal Classification     GRACE BIBLE COLLEGE GRACE BIBLE COLLEGE Commentary 2023-03-27   220.77 EXP 016152 2025-05-01 v.1 2023-03-27 Reference Books
    Dewey Decimal Classification     GRACE BIBLE COLLEGE GRACE BIBLE COLLEGE Commentary 2023-03-27   220.77 EXP 016153 2025-05-01 v.2 2023-03-27 Reference Books
    Dewey Decimal Classification     GRACE BIBLE COLLEGE GRACE BIBLE COLLEGE Commentary 2023-03-27   220.77 EXP 016154 2025-05-01 v.3 2023-03-27 Reference Books
    Dewey Decimal Classification     GRACE BIBLE COLLEGE GRACE BIBLE COLLEGE Commentary 2023-03-27   220.77 EXP 016155 2025-05-01 v.4 2023-03-27 Reference Books
    Dewey Decimal Classification     GRACE BIBLE COLLEGE GRACE BIBLE COLLEGE Commentary 2023-03-27   220.77 EXP 016156 2025-05-01 v.5 2023-03-27 Reference Books
    Dewey Decimal Classification     GRACE BIBLE COLLEGE GRACE BIBLE COLLEGE Commentary 2023-03-27   220.77 EXP 016157 2025-05-01 v.6 2023-03-27 Reference Books
    Dewey Decimal Classification     GRACE BIBLE COLLEGE GRACE BIBLE COLLEGE Commentary 2023-03-27   220.77 EXP 016158 2025-05-01 v.7 2023-03-27 Reference Books
    Dewey Decimal Classification     GRACE BIBLE COLLEGE GRACE BIBLE COLLEGE Commentary 2023-03-27   220.77 EXP 016159 2025-05-01 v.8 2023-03-27 Reference Books
© Grace Bible College Library 2025